000 00529nam a2200205Ia 4500
003 OSt
005 20250805103047.0
008 210716s2008 xx 000 0 und d
020 _a9788190656665
040 _cAIMIT LIBRARY
041 _aeng
082 _a006.3 KUME
100 _aKumar, Ela.
_9233891
245 _aArtificial intelligence.
250 _a1
260 _aBangalore
_bI K International Publishing House Pvt Ltd
_c2008
300 _axxii,454
650 _aArtifical Intelligence
_9233892
942 _2ddc
_cBK
999 _c193937
_d193937